Design of machine elements / (Record no. 959)
[ view plain ]
| 000 -LEADER | |
|---|---|
| fixed length control field | 00802nac a22001931u 4500 |
| 020 ## - INTERNATIONAL STANDARD BOOK NUMBER | |
| International Standard Book Number | 8120319559 |
| 082 ## - DEWEY DECIMAL CLASSIFICATION NUMBER | |
| Classification number | 621.82 |
| Item number | S5313 |
| 090 ## - LOCALLY ASSIGNED LC-TYPE CALL NUMBER (OCLC); LOCAL CALL NUMBER (OCLC) | |
| -- | 959 |
| -- | 959 |
| 100 ## - MAIN ENTRY--PERSONAL NAME | |
| Personal name | Sharma, C. S. |
| 245 ## - TITLE STATEMENT | |
| Title | Design of machine elements / |
| Statement of responsibility, etc | C. S. Sharma. |
| 260 ## - PUBLICATION, DISTRIBUTION, ETC. (IMPRINT) | |
| Place of publication, distribution, etc | New Delhi : |
| Name of publisher, distributor, etc | Prentice-Hall of India, |
| Date of publication, distribution, etc | 1994. |
| 300 ## - PHYSICAL DESCRIPTION | |
| Extent | 780 p. : |
| Other physical details | Diagram, |
| Dimensions | 24 cm. |
| 500 ## - GENERAL NOTE | |
| General note | Includes index. |
| 650 ## - SUBJECT ADDED ENTRY--TOPICAL TERM | |
| Topical term or geographic name as entry element | Machine design. |
| 700 ## - ADDED ENTRY--PERSONAL NAME | |
| Personal name | Purohit, Kamlesh. |
| 942 ## - ADDED ENTRY ELEMENTS (KOHA) | |
| Item type | Book - Borrowing |
| Call number prefix | 621.82S5313 |
| Withdrawn status | Item status | Source of classification or shelving scheme | Damaged status | Not for loan | Vendor | Home library | Current library | Shelving location | Date acquired | Source of acquisition | Cost, normal purchase price | Total Checkouts | Total Renewals | Full call number | Barcode | Date last seen | Date last borrowed | Cost, replacement price | Koha item type |
|---|---|---|---|---|---|---|---|---|---|---|---|---|---|---|---|---|---|---|---|
| Dewey Decimal Classification | Central Library | Central Library | First floor | 06/08/2013 | 125.00 | 3 | 8 | 621.82 SHA | 000003560 | 15/07/2025 | 24/03/2016 | 156.25 | Book - Borrowing | ||||||
| Central Library | Central Library | First floor | 06/08/2013 | Purchase | 125.00 | 5 | 15 | 621.82 SHA | 000003559 | 15/07/2025 | 25/03/2017 | 156.25 | Book - Borrowing |